[Event "Medellin Flores op 30th"]
[Site "Medellin"]
[Date "2023.08.04"]
[Round "3"]
[White "Aguero Jimenez, Luis Lazaro"]
[Black "Gomez, Jhon D"]
[Result "1-0"]
[WhiteElo "2454"]
[BlackElo "2195"]
[PlyCount "80"]
[EventDate "2023.08.03"]
[EventType "swiss"]
[EventRounds "9"]
[EventCountry "COL"]
[SourceTitle "CBM 215 Extra"]
[Source "ChessBase"]
[SourceDate "2023.09.30"]
[SourceVersion "1"]
[SourceVersionDate "2023.09.30"]
[SourceQuality "1"]

1. Nf3 Nf6 2. c4 c5 3. Nc3 Nc6 4. g3 d5 5. cxd5 Nxd5 6. Bg2 Nc7 7. 0-0 e5 8. d3 Be7 9. Nd2 Bd7 10. Nc4 f6 11. f4 b5 12. Ne3 exf4 13. gxf4 0-0 14. Ned5 Rb8 15. Nxc7 Qxc7 16. Nd5 Qd8 17. Be3 Nd4 18. b4 Bg4 19. Rf2 Re8 20. Rc1 Rc8 21. f5 Kh8 22. Be4 Bf8 23. Bxd4 cxd4 24. Nf4 Rxc1 25. Qxc1 Qc8 26. Qxc8 Rxc8 27. h3 g5 28. fxg6 Bd7 29. gxh7 f5 30. Ng6+ Kxh7 31. Nxf8+ Rxf8 32. Rf4 Rf6 33. Bd5 Rd6 34. Rxd4 Kg7 35. e3 f4 36. Bg2 Rxd4 37. exd4 Kf6 38. h4 Be8 39. Kf2 Kg6 40. Be4+ Kf6 1-0